000 00583nmm a2200169Ia 4500
008 251105s9999||||xx |||||||||||||||||und||
020 _a9788437097206
041 _aspa
100 _aHermosilla Pla, Jorge
245 0 _aLos regadíos tradicionales de la Marina Baixa :
_b La cuenca del Río Amadorio
264 _a[Madrid, España] :
_bPublicaciones de la Universidad de Valencia (PUV),
_c2015
300 _a256 páginas
490 _aRegadíos Históricos Valencianos
650 _aGeography (General)
856 _uhttps://public.digitaliapublishing.com/a/44392
942 _cCF
999 _c82692
_d82692